Universities in Canada by Full-Time Enrollment - Statistics

General Stats
  • This quiz has been taken 14 times
  • The average score is 19 of 25
Answer Stats
Hint Answer % Correct
40.1k University of Alberta
100%
89.4k University of Toronto
100%
27.8k Concordia University
92%
32.1k McGill University
92%
35.2k Université de Montréal
92%
52.4k University of British Columbia
92%
45.6k York University
92%
35.1k McMaster University
83%
17.1k Simon Fraser University
83%
21.1k Université du Québec à Montréal
83%
31.4k Université Laval
83%
34k University of Calgary
83%
41.4k University of Ottawa
83%
17.4k University of Victoria
83%
39.5k University of Waterloo
83%
42.1k University of Western Ontario
83%
29.2k Queen's University at Kingston
75%
33.3k Toronto Metropolitan University
75%
25.8k University of Manitoba
75%
20.3k University of Saskatchewan
67%
23.3k Carleton University
58%
17.1k Université de Sherbrooke
58%
27.3k University of Guelph
50%
17.8k Wilfrid Laurier University
33%
17.1k Brock University
25%
No matching quizzes found
Score Distribution
Percent of People with Each Score
Percentile by Number Answered
Your Score History
You have not taken this quiz